000 00416nam a2200169Ia 4500
008 230711s9999||||xx |||||||||||||| ||und||
041 _aENG
082 _a5
_bHO-M
100 _aHeinz Hossdorf
245 0 _aModel analysis of structures
250 _a1st Ed.
260 _c1974
_aNew York
_bVan Nostrand Reinhold Co.
300 _a239
650 _aComputer Engineering
700 _aC Van Amerongen
942 _cBK
999 _c1661
_d1661